BIBLIOTECA

SENCICO

Albañilería: Operaciones (Registro nro. 3480)

Detalles MARC
000 -LEADER
fixed length control field 00685nam a2200193Ia 4500
005 - DATE AND TIME OF LATEST TRANSACTION
control field 20251020182615.0
008 - FIXED-LENGTH DATA ELEMENTS--GENERAL INFORMATION
fixed length control field 200515s9999 xx 000 0 und d
082 ## - DEWEY DECIMAL CLASSIFICATION NUMBER
Classification number SC/693.1/V44O
110 ## - MAIN ENTRY--CORPORATE NAME
Corporate name or jurisdiction name as entry element Instituto Nacional de Cooperación Educativa
245 #0 - TITLE STATEMENT
Title Albañilería: Operaciones
260 ## - PUBLICATION, DISTRIBUTION, ETC.
Place of publication, distribution, etc. Caracas
260 ## - PUBLICATION, DISTRIBUTION, ETC.
Date of publication, distribution, etc. 1975
300 ## - PHYSICAL DESCRIPTION
Extent 44
520 ## - SUMMARY, ETC.
Summary, etc. Operaciones básicas del oficio albañil, es una ayuda para el aprendizaje de la especialidad. Contiene también algunas operaciones propias de las especialidades del cabillero y del encofrador, que con frecuencia también ejecuta el albañil
650 ## - SUBJECT ADDED ENTRY--TOPICAL TERM
Topical term or geographic name entry element ALBAÑILERIA
650 ## - SUBJECT ADDED ENTRY--TOPICAL TERM
Topical term or geographic name entry element HO
650 ## - SUBJECT ADDED ENTRY--TOPICAL TERM
Topical term or geographic name entry element PUB INCE
942 ## - ADDED ENTRY ELEMENTS (KOHA)
Koha item type Libros
Existencias
Fecha de la última vez que lo usaron Pago total Signatura topográfica completa Código de barras Precio efectivo desde Tipo de documento Estado perdido Estado dañado No es para préstamo Retirado Ubicación permanente Ubicación actual Fecha de adquisición
15/05/2020   SC/693.1/V44O Bib-Lima15053480 15/05/2020 Libros         Biblioteca Central Lima Biblioteca Central Lima 15/05/2020